Úvod do studia demografie /

Hlavní autor: Šotkovský, Ivan, 1961-
Korporativní autor: Vysoká škola báňská - Technická univerzita Ostrava. Ekonomická fakulta
Jazyk: Čeština
Vydáno: Ostrava : Vysoká škola báňská - Technická univerzita Ostrava, 1998
Vydání: Dot.
Témata:
Fyzický popis: 159 s. : il., mapy ; 29 cm
Knihy
Uloženo v:
LEADER 01348nam a2200325 a 4500
001 000329747
003 CZ BrMZK
005 20070718084531.0
008 980817s1998 xr e p cze d
015 |a cnb000138187 
020 |a 80-7078-327-3 
035 |a (OCoLC)37673400 
040 |a BOA001  |b cze 
072 7 |a 314  |x Demografie. Populace  |2 Konspekt  |9 18 
072 7 |a 37.016  |x Učební osnovy. Vyučovací předměty. Učebnice  |2 Konspekt  |9 22 
080 |a 314  |2 MRF 
080 |a (075.8)  |2 MRF 
100 1 |a Šotkovský, Ivan,  |d 1961-  |7 mzk2002112121  |4 aut 
245 1 0 |a Úvod do studia demografie /  |c Ivan Šotkovský 
250 |a Dot. 
260 |a Ostrava :  |b Vysoká škola báňská - Technická univerzita Ostrava,  |c 1998 
300 |a 159 s. :  |b il., mapy ;  |c 29 cm 
500 |a Určeno pro posl. 4. roč. EkF Vys. šk. báňské v Ostravě. - Bibliogr. 
650 0 7 |a demografie  |7 ph117181  |2 czenas 
655 7 |a učebnice vysokých škol  |7 fd133772  |2 czenas 
710 2 |a Vysoká škola báňská - Technická univerzita Ostrava.  |b Ekonomická fakulta  |7 kn20010709388 
910 |a BOA001  |b TK-A-0263.672 
990 |a BK 
996 7 |b 2620011684  |c TK-A-0263.672  |l MZK  |r Sklad / do 24 hodin  |n 36  |p kup  |w 000329747  |u 000010  |a 1  |e BOA001  |j MZK50  |s A 
996 7 |b 2620011685  |c TK-A-0263.672  |l MZK  |r Sklad / do 24 hodin  |n 33  |p kup  |w 000329747  |u 000020  |a 1  |e BOA001  |j MZK50  |s A